Siddiqa Anwar Kay Naam (Record no. 325214)

000 -LEADER
fixed length control field 00318 a2200133 4500
001 - CONTROL NUMBER
control field 90141
003 - CONTROL NUMBER IDENTIFIER
control field NUST
082 ## - DEWEY DECIMAL CLASSIFICATION NUMBER
Classification number 808.86 ANW
100 ## - MAIN ENTRY--PERSONAL NAME
Personal name Anwar Masood
9 (RLIN) 1453
245 ## - TITLE STATEMENT
Title Siddiqa Anwar Kay Naam
Medium Urdu
260 ## - PUBLICATION, DISTRIBUTION, ETC.
Place of publication, distribution, etc. Lahore
Name of publisher, distributor, etc. Dost Publications
Date of publication, distribution, etc. 2014
300 ## - PHYSICAL DESCRIPTION
Extent 216 p.
500 ## - GENERAL NOTE
General note General Books
942 ## - ADDED ENTRY ELEMENTS (KOHA)
Institution code [OBSOLETE] CAE NUST
Koha item type Book
Call number prefix 808.86 ANW
Source of classification or shelving scheme
Holdings
Withdrawn status Lost status Damaged status Not for loan Collection code Permanent Location Current Location Date acquired Total Checkouts Full call number Barcode Date last seen Price effective from Koha item type
          College of Aeronautical Engineering (CAE) College of Aeronautical Engineering (CAE) 04/03/2017   808.86 ANW CAE86650 04/05/2017 04/05/2017 Book
© 2023 Central Library, National University of Sciences and Technology. All Rights Reserved.